<?xml version="1.0" encoding="UTF-8"?>
<record
    xmlns:xsi="http://www.w3.org/2001/XMLSchema-instance"
    xsi:schemaLocation="http://www.loc.gov/MARC21/slim http://www.loc.gov/standards/marcxml/schema/MARC21slim.xsd"
    xmlns="http://www.loc.gov/MARC21/slim">

  <leader>01624cam a2200385 i 4500</leader>
  <controlfield tag="001">zz2003984364</controlfield>
  <controlfield tag="003">NUKAT</controlfield>
  <controlfield tag="005">20260428233720.0</controlfield>
  <controlfield tag="008">030929s1938    pl a         |000 0 pol c</controlfield>
  <datafield tag="035" ind1=" " ind2=" ">
    <subfield code="a">(OCoLC)749307565</subfield>
  </datafield>
  <datafield tag="035" ind1=" " ind2=" ">
    <subfield code="a">(NUKAT)zz2003984364</subfield>
  </datafield>
  <datafield tag="040" ind1=" " ind2=" ">
    <subfield code="a">TOR U/MS</subfield>
    <subfield code="b">pol</subfield>
    <subfield code="e">rda</subfield>
    <subfield code="c">TOR U/MS</subfield>
    <subfield code="d">TOR U/AP</subfield>
    <subfield code="d">TOR U/ITRs</subfield>
    <subfield code="d">WR O/PC</subfield>
    <subfield code="d">OLSZT 008/AL</subfield>
  </datafield>
  <datafield tag="099" ind1=" " ind2=" ">
    <subfield code="a">hh_348230</subfield>
  </datafield>
  <datafield tag="100" ind1="1" ind2=" ">
    <subfield code="a">Sobieski, Wac&#x142;aw</subfield>
    <subfield code="d">(1872-1935).</subfield>
    <subfield code="e">Autor</subfield>
    <subfield code="9">1298</subfield>
  </datafield>
  <datafield tag="240" ind1="1" ind2="0">
    <subfield code="a">Dzieje Polski.</subfield>
    <subfield code="n">T. 3,</subfield>
    <subfield code="p">Dzieje ostatnich dwu pokole&#x144;</subfield>
    <subfield code="l">(pol.)</subfield>
  </datafield>
  <datafield tag="245" ind1="1" ind2="0">
    <subfield code="a">Dzieje Polski.</subfield>
    <subfield code="n">T. 3,</subfield>
    <subfield code="p">1864-1938 /</subfield>
    <subfield code="c">Wac&#x142;aw Sobieski ; przejrza&#x142; i uzupe&#x142;ni&#x142; Stanis&#x142;aw Kozicki.</subfield>
  </datafield>
  <datafield tag="250" ind1=" " ind2=" ">
    <subfield code="a">Wydanie drugie - po&#x15B;miertne.</subfield>
  </datafield>
  <datafield tag="260" ind1=" " ind2=" ">
    <subfield code="a">Warszawa :</subfield>
    <subfield code="b">Wydawnictwo Zorza :</subfield>
    <subfield code="b">nak&#x142;ad i w&#x142;asno&#x15B;&#x107; Jana Za&#x142;uski,</subfield>
    <subfield code="c">1938</subfield>
    <subfield code="e">(&#x141;om&#x17C;a :</subfield>
    <subfield code="f">Drukarnia Diecezjalna).</subfield>
  </datafield>
  <datafield tag="300" ind1=" " ind2=" ">
    <subfield code="a">308, III, [1] strona, [2] karty tablic :</subfield>
    <subfield code="b">ilustracje, errata ;</subfield>
    <subfield code="c">20 cm.</subfield>
  </datafield>
  <datafield tag="336" ind1=" " ind2=" ">
    <subfield code="a">Tekst</subfield>
    <subfield code="b">txt</subfield>
    <subfield code="2">rdacontent</subfield>
  </datafield>
  <datafield tag="337" ind1=" " ind2=" ">
    <subfield code="a">Bez urz&#x105;dzenia po&#x15B;rednicz&#x105;cego</subfield>
    <subfield code="b">n</subfield>
    <subfield code="2">rdamedia</subfield>
  </datafield>
  <datafield tag="338" ind1=" " ind2=" ">
    <subfield code="a">Wolumin</subfield>
    <subfield code="b">nc</subfield>
    <subfield code="2">rdacarrier</subfield>
  </datafield>
  <datafield tag="380" ind1=" " ind2=" ">
    <subfield code="a">Ksi&#x105;&#x17C;ki</subfield>
  </datafield>
  <datafield tag="500" ind1=" " ind2=" ">
    <subfield code="a">Na stronie 308 data uko&#x144;czenia druku: 25 listopada 1938 r.</subfield>
  </datafield>
  <datafield tag="648" ind1=" " ind2="7">
    <subfield code="a">1801-1900</subfield>
    <subfield code="2">DBN</subfield>
    <subfield code="9">36037</subfield>
  </datafield>
  <datafield tag="648" ind1=" " ind2="7">
    <subfield code="a">1901-2000</subfield>
    <subfield code="2">DBN</subfield>
    <subfield code="9">34996</subfield>
  </datafield>
  <datafield tag="651" ind1=" " ind2="7">
    <subfield code="a">Polska</subfield>
    <subfield code="2">DBN</subfield>
    <subfield code="9">35076</subfield>
  </datafield>
  <datafield tag="651" ind1=" " ind2="7">
    <subfield code="a">Polska</subfield>
    <subfield code="y">1918-1939 (II Rzeczpospolita).</subfield>
    <subfield code="2">kaba</subfield>
    <subfield code="9">1394</subfield>
  </datafield>
  <datafield tag="651" ind1=" " ind2="7">
    <subfield code="a">Polska</subfield>
    <subfield code="y">1864-1918 (Okres popowstaniowy).</subfield>
    <subfield code="2">kaba</subfield>
    <subfield code="9">35518</subfield>
  </datafield>
  <datafield tag="658" ind1=" " ind2=" ">
    <subfield code="a">Historia</subfield>
  </datafield>
  <datafield tag="700" ind1="1" ind2=" ">
    <subfield code="a">Kozicki, Stanis&#x142;aw</subfield>
    <subfield code="d">(1876-1958).</subfield>
    <subfield code="e">Opracowanie</subfield>
    <subfield code="9">10023</subfield>
  </datafield>
  <datafield tag="700" ind1="1" ind2=" ">
    <subfield code="a">Za&#x142;uska, Jan</subfield>
    <subfield code="d">(1873-1941).</subfield>
    <subfield code="e">Nak&#x142;adca</subfield>
    <subfield code="9">18628</subfield>
  </datafield>
  <datafield tag="710" ind1="2" ind2=" ">
    <subfield code="a">Drukarnia "Zorza" (Warszawa).</subfield>
    <subfield code="e">Wydawca</subfield>
    <subfield code="4">pbl</subfield>
    <subfield code="9">40841</subfield>
  </datafield>
  <datafield tag="942" ind1=" " ind2=" ">
    <subfield code="2">ddc</subfield>
    <subfield code="c">BK_NM</subfield>
  </datafield>
  <datafield tag="999" ind1=" " ind2=" ">
    <subfield code="c">27859</subfield>
    <subfield code="d">27859</subfield>
  </datafield>
  <datafield tag="952" ind1=" " ind2=" ">
    <subfield code="0">0</subfield>
    <subfield code="1">0</subfield>
    <subfield code="2">ddc</subfield>
    <subfield code="4">0</subfield>
    <subfield code="7">0</subfield>
    <subfield code="8">PBKH</subfield>
    <subfield code="a">BIP</subfield>
    <subfield code="b">PBKH</subfield>
    <subfield code="d">2026-04-28</subfield>
    <subfield code="e">K-25/1966</subfield>
    <subfield code="f">K</subfield>
    <subfield code="i">16742/3</subfield>
    <subfield code="l">0</subfield>
    <subfield code="o">16742/3</subfield>
    <subfield code="p">IPWK22222</subfield>
    <subfield code="r">2026-04-28 23:38:08</subfield>
    <subfield code="w">2026-04-28</subfield>
    <subfield code="y">BK_NM</subfield>
  </datafield>
</record>
